[Event "Portugal Open 2020"]
[Site "Lisbon"]
[Date "2020.02.01"]
[Round "9.12"]
[White "Rocha, Sergio"]
[Black "Stella, Andrea"]
[Result "0-1"]
[WhiteElo "2343"]
[BlackElo "2465"]
[Annotator "ChessBase"]
[PlyCount "88"]
[EventDate "2020.01.25"]
[EventType "swiss"]
[EventCountry "POR"]
[SourceTitle "playchess.com"]
[Source "ChessBase"]
[SourceQuality "1"]
[TimeControl "5400+30"]

1. d4 {[%emt 0:00:00]} Nf6 {[%emt 0:09:35]} 2. Nf3 {[%emt 0:01:14]} g6 {[%emt 0:00:14]} 3. Bg5 {[%emt 0:00:15]} Bg7 {[%emt 0:00:15]} 4. Nbd2 {[%emt 0:00:33]} O-O {[%emt 0:00:20]} 5. e4 {[%emt 0:00:44]} d5 {[%emt 0:00:07]} 6. e5 {[%emt 0:00:48]} Ne4 {[%emt 0:00:36]} 7. h4 {[%emt 0:02:40]} c5 {[%emt 0:02:55]} 8. c3 {[%emt 0:00:53]} Nc6 {[%emt 0:01:56]} 9. Bd3 {[%emt 0:01:02]} Bf5 {[%emt 0:24:59]} 10. Qe2 {[%emt 0:04:54]} cxd4 {[%emt 0:08:57]} 11. Nxe4 {[%emt 0:06:58]} dxe4 {[%emt 0:00:37]} 12. Bxe4 {[%emt 0:00:17]} Bxe4 {[%emt 0:06:22]} 13. Qxe4 {[%emt 0:00:06]} dxc3 {[%emt 0:00:03]} 14. bxc3 {[%emt 0:00:21]} Qa5 {[%emt 0:01:06]} 15. O-O {[%emt 0:03:15]} Nxe5 {[%emt 0:07:03]} 16. Nxe5 {[%emt 0:08:00]} Qxe5 {[%emt 0:03:26]} 17. Qxb7 {[%emt 0:00:18]} Qxc3 {[%emt 0:02:00]} 18. Bxe7 {[%emt 0:08:48]} Rfe8 {[%emt 0:03:47]} 19. Rae1 {[%emt 0:05:00]} a5 {[%emt 0:05:41]} 20. Qd5 {[%emt 0:07:54]} Qd4 {[%emt 0:04:48]} 21. Qxd4 {[%emt 0:01:18]} Bxd4 {[%emt 0:00:04]} 22. Re4 {[%emt 0:01:18]} Bc3 {[%emt 0:00:52]} 23. Rc4 {[%emt 0:00:44]} Be5 {[%emt 0:04:14]} 24. Bg5 {[%emt 0:00:26]} a4 {[%emt 0:01:30]} 25. g3 {[%emt 0:00:46]} Bg7 {[%emt 0:03:34]} 26. Rd1 {[%emt 0:01:40]} h6 {[%emt 0:01:01]} 27. Be3 {[%emt 0:00:18]} Rec8 {[%emt 0:02:44]} 28. Rxc8+ {[%emt 0:00:24]} Rxc8 {[%emt 0:00:03]} 29. Kf1 {[%emt 0:00:12]} Bf8 30. Ke2 {[%emt 0:01:58]} f5 {[%emt 0:03:08]} 31. Kd3 {[%emt 0:01:47]} Rd8+ {[%emt 0:01:30]} 32. Bd4 {[%emt 0:01:37]} Bg7 {[%emt 0:01:46]} 33. Kc4 {[%emt 0:00:09]} Kf7 {[%emt 0:00:09]} 34. Rd2 {[%emt 0:00:54]} Rc8+ {[%emt 0:01:00]} 35. Bc5 {[%emt 0:04:39]} Bf8 {[%emt 0:00:01]} 36. Rd5 {[%emt 0:00:08]} Kf6 {[%emt 0:01:02]} 37. h5 {[%emt 0:05:38]} Rxc5+ {[%emt 0:00:22]} 38. Kb4 {[%emt 0:00:06]} gxh5 {[%emt 0:00:03]} 39. Rxc5 {[%emt 0:00:47]} Bxc5+ {[%emt 0:00:03]} 40. Kxc5 {[%emt 0:00:03]} Kg5 {[%emt 0:00:18]} 41. Kb4 {[%emt 0:00:46]} h4 {[%emt 0:00:16]} 42. gxh4+ {[%emt 0:00:05]} Kxh4 {[%emt 0:00:03]} 43. Ka3 {[%emt 0:00:05]} h5 {[%emt 0:00:20]} 44. Kb4 {[%emt 0:00:16]} Kg5 {[%emt 0:01:09]} 0-1

[Event "Portugal Open 2020"]
[Site "Lisbon"]
[Date "2020.02.01"]
[Round "9.13"]
[White "Janik, Igor"]
[Black "Napoli, Nicolo"]
[Result "1-0"]
[WhiteElo "2453"]
[BlackElo "2333"]
[Annotator "TA"]
[PlyCount "57"]
[EventDate "2020.01.25"]
[EventType "swiss"]
[EventCountry "POR"]
[SourceTitle "playchess.com"]
[Source "ChessBase"]
[SourceQuality "1"]

{[%evp 10,57,22,15,33,16,28,18,12,25,26,15,54,50,56,56,58,56,54,47,52,57,67,75,85,79,131,111,119,50,42,38,99,85,156,56,49,53,422,394,389,398,373,358,527,532,538,507,678,647]} 1. d4 Nf6 2. c4 e6 3. Nf3 Bb4+ 4. Nbd2 O-O 5. a3 Be7 6. e4 d6 {E11: Bogo-Indian} 7. Bd3 Nfd7 8. b4 a5 {The position is equal.} 9. Bb2 e5 10. d5 {[#]} Re8 $146 ({Predecessor:} 10... c6 11. O-O Nb6 12. c5 dxc5 13. bxc5 Bxc5 14. Nxe5 f6 15. Nef3 cxd5 16. Qc2 dxe4 17. Nxe4 {1-0 (23) Anton,T (2445)-Stoleriu,G (2351) Mamaia 2019}) 11. O-O $36 {[%mdl 2048] Black is under pressure.} Nf8 12. Nb3 {[%cal Bd2b3,Bb3a1,Ba1c2,Bc2e3,Be3f5][%mdl 32]} axb4 13. axb4 Rxa1 14. Nxa1 Ng6 15. g3 Bg4 16. Nc2 Qd7 17. Ne3 Bxf3 ({Better is} 17... Na6) 18. Qxf3 $16 Qa4 19. Rb1 (19. Nc2 $16) 19... Qxb4 $14 20. h4 Qd2 (20... Nf8 $14) 21. Nf5 $16 {[%mdl 1024] White has strong compensation.} Bf8 {[#]} (21... Nd7 $142) 22. Bc1 (22. c5 $1 $16) 22... Qc3 $14 23. Qd1 b6 $2 {[%mdl 8192]} ({Black should play} 23... Na6 $14) 24. Rb3 $18 Qa5 25. Ra3 Qb4 26. Ne3 Ne7 (26... Nd7 $142 27. Nc2 Qb1) 27. Nc2 {White is clearly winning.} Qb1 {[#]} 28. Nd4 $1 {[%mdl 512]} Qb4 (28... exd4 29. Bxb1) 29. Ra4 {Accuracy: White = 85%, Black = 53%.} 1-0

[Event "Portugal Open 2020"]
[Site "Lisbon"]
[Date "2020.02.01"]
[Round "9.14"]
[White "Fidalgo, Andre Neves"]
[Black "Damaso, Rui"]
[Result "0-1"]
[WhiteElo "2282"]
[BlackElo "2420"]
[Annotator "NA"]
[PlyCount "64"]
[EventDate "2020.01.25"]
[EventType "swiss"]
[EventCountry "POR"]
[SourceTitle "playchess.com"]
[Source "ChessBase"]
[SourceQuality "1"]
[TimeControl "5400+30"]

1. d4 {[%emt 0:00:00]} e6 {[%emt 0:24:26]} 2. c4 {[%emt 0:00:29]} b6 {[%emt 0:00:55]} 3. Nc3 {[%emt 0:02:24]} Bb4 {[%emt 0:01:29]} 4. e4 {[%emt 0:01:41]} Bb7 {[%emt 0:00:12]} 5. f3 {[%emt 0:00:59]} f5 {[%emt 0:00:42]} 6. e5 {[%emt 0:06:21]} (6. exf5 $14 exf5 7. a3 Qe7+ 8. Be2 Qh4+ 9. g3 Bxc3+ 10. bxc3) 6... d6 {[%emt 0:12:16]} 7. Bf4 {[%emt 0:27:16]} dxe5 {[%emt 0:04:11]} 8. Bxe5 {[%emt 0:01:44]} Qe7 {[%emt 0:00:56]} 9. a3 {[%emt 0:05:08]} Bxc3+ $1 {[%emt 0:00:54]} 10. bxc3 $15 {[%emt 0:00:06]} Nc6 {[%emt 0:00:09]} 11. Bg3 {[%emt 0:02:27]} e5 {[%emt 0:05:27]} 12. d5 {[%emt 0:01:41]} Na5 {[%emt 0:00:08]} 13. Qa4+ {[%emt 0:01:01]} c6 {[%emt 0:02:04]} 14. Bd3 {[%emt 0:03:04]} f4 {[%emt 0:03:30]} 15. Bf2 {[%emt 0:00:18]} Nf6 {[%emt 0:03:19]} 16. Be4 {[%emt 0:04:38]} O-O {[%emt 0:05:40]} 17. dxc6 {[%emt 0:14:32]} Ba6 {[%emt 0:04:53]} 18. Bd5+ {[%emt 0:06:21]} Nxd5 {[%emt 0:00:51]} 19. cxd5 {[%emt 0:00:05]} Bc4 {[%emt 0:00:07]} 20. Rd1 {[%emt 0:01:47]} Rad8 {[%emt 0:07:31]} 21. Qb4 {[%emt 0:00:52]} Qf7 {[%emt 0:00:39]} 22. c7 {[%emt 0:03:13]} Qxc7 {[%emt 0:00:54]} 23. d6 {[%emt 0:00:12]} Qf7 {[%emt 0:01:33]} 24. Bh4 {[%emt 0:00:06]} Rd7 {[%emt 0:00:23]} 25. Be7 {[%emt 0:03:47]} Nc6 {[%emt 0:01:25]} 26. Qa4 {[%emt 0:01:06]} b5 {[%emt 0:00:14]} 27. Qa6 {[%emt 0:02:37]} Nxe7 {[%emt 0:00:28]} 28. dxe7 {[%emt 0:00:09]} Rxd1+ {[%emt 0:00:28]} 29. Kxd1 {[%emt 0:00:06]} Qxe7 {[%emt 0:00:03]} 30. Nh3 {[%emt 0:00:39]} Qd7+ {[%emt 0:01:01]} 31. Kc1 {[%emt 0:00:06]} Qd3 {[%emt 0:01:35]} 32. Qa5 {[%emt 0:00:16]} Bb3 {[%emt 0:00:08]} 0-1

[Event "Portugal Open 2020"]
[Site "Lisbon"]
[Date "2020.02.01"]
[Round "9.15"]
[White "Balbuena Fuentes, Mario"]
[Black "Savanovic, Aleksandar"]
[Result "0-1"]
[WhiteElo "2234"]
[BlackElo "2414"]
[Annotator "NA"]
[PlyCount "72"]
[EventDate "2020.01.25"]
[EventType "swiss"]
[EventCountry "POR"]
[SourceTitle "playchess.com"]
[Source "ChessBase"]
[SourceQuality "1"]
[TimeControl "5400+30"]

1. e4 {[%emt 0:08:50]} e5 {[%emt 0:00:00]} 2. Nf3 {[%emt 0:00:43]} Nc6 {[%emt 0:00:00]} 3. Bb5 {[%emt 0:00:10]} a6 {[%emt 0:00:00]} 4. Ba4 {[%emt 0:00:05]} Nf6 {[%emt 0:00:05]} 5. O-O {[%emt 0:00:21]} Nxe4 {[%emt 0:00:32]} 6. d4 {[%emt 0:00:27]} b5 {[%emt 0:00:09]} 7. Bb3 {[%emt 0:00:04]} d5 {[%emt 0:00:06]} 8. dxe5 {[%emt 0:00:10]} Be6 {[%emt 0:00:05]} 9. Nbd2 {[%emt 0:00:53]} Nc5 {[%emt 0:00:09]} 10. c3 {[%emt 0:00:32]} Bg4 {[%emt 0:00:29]} 11. Bc2 {[%emt 0:04:32]} Be7 {[%emt 0:00:07]} 12. Re1 {[%emt 0:01:06]} O-O {[%emt 0:00:13]} 13. Nb3 {[%emt 0:00:30]} Ne6 {[%emt 0:02:14] C82: Open Ruy Lopez: 9 c3 without 9...Be7} 14. Qd3 {[%emt 0:00:17]} g6 {[%emt 0:00:06]} 15. Bh6 {[%emt 0:00:10] Re} Re8 {[%emt 0:00:06]} 16. Qe3 {[%emt 0:00:27]} a5 {[%emt 0:02:34]} 17. a4 {[%emt 0:05:00]} ({Better is} 17. Bd3 $14 Qb8 18. Nfd4 Ncxd4 19. Nxd4) 17... Bxf3 {[%emt 0:28:55]} 18. Qxf3 {[%emt 0:04:26]} bxa4 {[%emt 0:02:44] [#]} 19. Rxa4 $146 {[%emt 0:03:07]} ({Predecessor:} 19. Nc1 Nc5 20. Nd3 Nxd3 21. Qxd3 Bg5 22. Bxa4 Nxe5 23. Qg3 Nf3+ 24. gxf3 Rxe1+ 25. Rxe1 Bxh6 {1-0 (47) Delchev,A (2601)-Narciso Dublan,M (2487) Navalmoral 2004}) 19... Qd7 {[%emt 0:02:44]} 20. Rg4 {[%emt 0:14:36]} (20. Raa1 $11) 20... a4 $15 {[%emt 0:02:29]} 21. Nd4 {[%emt 0:01:26]} Ncxd4 {[%emt 0:00:46]} 22. cxd4 {[%emt 0:00:11]} Reb8 {[%emt 0:02:28]} 23. Bc1 {[%emt 0:18:48]} Qc6 {[%emt 0:11:23]} 24. Qd3 {[%emt 0:05:27]} Rb4 {[%emt 0:03:00]} 25. Bd2 {[%emt 0:12:14]} Rxb2 {[%emt 0:02:09]} 26. Bc3 {[%emt 0:00:11]} Bb4 {[%emt 0:04:11]} 27. Bxb2 {[%emt 0:00:33]} Bxe1 {[%emt 0:00:04]} 28. h4 {[%emt 0:01:11]} a3 {[%emt 0:03:44]} 29. Ba1 {[%emt 0:03:03]} Ng7 {[%emt 0:02:16]} 30. Rf4 {[%emt 0:02:30]} Bb4 {[%emt 0:02:28]} 31. Rf6 {[%emt 0:01:23]} Qd7 {[%emt 0:02:34]} 32. Qf3 {[%emt 0:02:09]} Nh5 {[%emt 0:04:32]} 33. Bf5 {[%emt 0:03:08]} Qe8 {[%emt 0:00:06]} 34. Bd3 {[%emt 0:04:33]} Nxf6 {[%emt 0:00:20]} 35. Qxf6 {[%emt 0:00:03]} Qe6 {[%emt 0:00:54]} 36. Qf4 {[%emt 0:00:12]} h5 {[%emt 0:02:43]} 0-1

[Event "Portugal Open 2020"]
[Site "Lisbon"]
[Date "2020.02.01"]
[Round "9.16"]
[White "Sousa, Andre Ventura"]
[Black "Risting, Eivind Olav"]
[Result "1-0"]
[WhiteElo "2391"]
[BlackElo "2306"]
[Annotator "NA"]
[PlyCount "89"]
[EventDate "2020.01.25"]
[EventType "swiss"]
[EventCountry "POR"]
[SourceTitle "playchess.com"]
[Source "ChessBase"]
[SourceQuality "1"]
[TimeControl "5400+30"]

1. e4 {[%emt 0:00:00]} c5 {[%emt 0:00:08]} 2. Nf3 {[%emt 0:00:00]} Nc6 {[%emt 0:00:19]} 3. Bb5 {[%emt 0:00:00]} e6 {[%emt 0:00:18]} 4. O-O {[%emt 0:00:00]} Nge7 {[%emt 0:00:10]} 5. d4 {[%emt 0:00:00]} cxd4 {[%emt 0:00:24]} 6. Nxd4 {[%emt 0:00:00]} Qb6 {[%emt 0:00:09]} 7. Nxc6 {[%emt 0:00:00] B30: Sicilian: 2...Nc6 3 Bb5, lines without ...g6} bxc6 {[%emt 0:01:32]} 8. Be2 {[%emt 0:01:12]} Ng6 {[%emt 0:01:18]} 9. c4 {[%emt 0:00:05]} d6 {[%emt 0:06:34]} 10. Nc3 {[%emt 0:00:37]} Be7 {[%emt 0:03:21]} 11. Rb1 {[%emt 0:00:04]} c5 {[%emt 0:07:36]} 12. f4 {[%emt 0:04:41]} O-O {[%emt 0:01:05] [#]} 13. Bd3 $146 {[%emt 0:07:33]} ({Predecessor:} 13. Be3 a5 14. Qb3 Qxb3 15. axb3 Bb7 16. Bd3 Rfd8 17. Rfd1 Nf8 18. Ra1 Nd7 19. Be2 {½-½ (23) Olsen,S (2465)-Emelyanov,M (2518) ICCF email 2014}) 13... Bd7 {[%emt 0:06:23]} 14. Qh5 {[%emt 0:02:47]} f5 {[%emt 0:09:29]} 15. exf5 {[%emt 0:10:46]} exf5 {[%emt 0:00:06]} 16. Nd5 {[%emt 0:05:42]} Qd8 {[%emt 0:01:32]} 17. Bd2 {[%emt 0:00:35]} Bf6 {[%emt 0:03:57]} 18. Nxf6+ {[%emt 0:01:32]} Rxf6 {[%emt 0:02:32]} 19. Bc3 {[%emt 0:00:21]} Rf7 {[%emt 0:00:33]} 20. Rbd1 $16 {[%emt 0:06:42]} Qc7 {[%emt 0:03:01]} 21. Qg5 {[%emt 0:19:04]} Nf8 {[%emt 0:12:57]} 22. Rfe1 {[%emt 0:00:49]} Ne6 {[%emt 0:02:05]} 23. Qg3 {[%emt 0:00:36]} Re8 {[%emt 0:02:15]} 24. Be2 {[%emt 0:02:52]} Ree7 {[%emt 0:04:03]} 25. Bh5 {[%emt 0:00:53]} Rf8 {[%emt 0:00:41]} 26. Bf3 {[%emt 0:02:37]} Rfe8 {[%emt 0:02:14]} 27. Bd5 {[%emt 0:00:28]} Kh8 {[%emt 0:00:55]} 28. Rd3 {[%emt 0:02:40]} Bc8 {[%emt 0:06:11]} 29. Rde3 {[%emt 0:04:19]} Nd4 {[%emt 0:04:04]} 30. Qg6 {[%emt 0:00:34]} Nf3+ {[%emt 0:03:23]} 31. Rxf3 {[%emt 0:00:05]} Rxe1+ {[%emt 0:00:06]} 32. Bxe1 {[%emt 0:00:04]} Rxe1+ {[%emt 0:00:08]} 33. Kf2 {[%emt 0:00:04]} Qe7 {[%emt 0:01:53]} 34. Qg5 {[%emt 0:04:14]} Re2+ {[%emt 0:03:34]} 35. Kg3 {[%emt 0:00:26]} g6 {[%emt 0:02:04]} 36. Qxe7 {[%emt 0:00:34]} Rxe7 {[%emt 0:00:02]} 37. Rb3 {[%emt 0:00:53]} Kg7 {[%emt 0:00:22]} 38. Rb8 {[%emt 0:00:18]} Rc7 {[%emt 0:02:14]} 39. Kf3 {[%emt 0:00:12]} Kf6 {[%emt 0:00:16]} 40. Ke3 {[%emt 0:01:18]} h6 {[%emt 0:01:53]} 41. a3 {[%emt 0:00:44]} g5 {[%emt 0:00:14]} 42. g3 {[%emt 0:03:17]} g4 {[%emt 0:02:37]} 43. b4 {[%emt 0:01:51]} Ke7 {[%emt 0:02:30]} 44. b5 {[%emt 0:00:35]} Kd8 {[%emt 0:00:06]} 45. Be6 {[%emt 0:00:12]} 1-0

[Event "Portugal Open 2020"]
[Site "Lisbon"]
[Date "2020.02.01"]
[Round "9.17"]
[White "Alshameary Puente, Ismael"]
[Black "Baba, Masahiro"]
[Result "0-1"]
[WhiteElo "2385"]
[BlackElo "2274"]
[Annotator "TA"]
[PlyCount "86"]
[EventDate "2020.01.25"]
[EventType "swiss"]
[EventCountry "POR"]
[SourceTitle "playchess.com"]
[Source "ChessBase"]
[SourceQuality "1"]

{[%evp 23,86,40,31,39,45,21,14,-26,-33,-127,68,58,84,50,51,52,54,25,54,9,30,-14,16,-34,-26,-27,-28,-29,0,0,0,0,0,-4,147,149,140,81,120,110,102,87,76,98,57,-29,-31,-21,-34,-137,-141,-531,-528,-578,-568,-543,-540,-29989,-800,-796,-790,-873,-765,-29975,-29975]} 1. d4 Nf6 2. c4 g6 3. Nc3 d5 4. cxd5 Nxd5 5. e4 Nxc3 6. bxc3 Bg7 7. Bc4 c5 8. Ne2 Nc6 9. Be3 O-O 10. O-O Bg4 11. f3 Bd7 $1 {[%mdl 4] scores much better than the old 11...Na5.} 12. Rb1 Rc8 13. Bd3 {D87: Exchange Grünfeld: Classical Line: Variations without ...cxd4.} Qc7 {[#]} 14. h4 $146 ({Predecessor:} 14. d5 Ne5 15. c4 b5 16. cxb5 c4 17. Bc2 e6 18. d6 Qa5 19. Bd4 Bxb5 20. Bc3 Qa6 {½-½ (30) Peralta,F (2582)-Asis Gargatagli,H (2526) Barcelona 2018}) 14... Rfd8 15. Bf4 {The position is equal.} e5 16. Bg5 ({Better is} 16. Bg3 $1 $15) 16... Re8 $2 (16... exd4 $17 17. Bxd8 Rxd8) 17. d5 $14 ({But not} 17. dxc5 $6 Na5 $15) 17... Na5 {[%cal Bc6a5,Ba5b7,Bb7d6,Bd6b5,Bb5a3][%mdl 32]} 18. Qd2 c4 19. Bc2 b6 20. h5 Nb7 21. h6 Bf8 22. Kh1 Nd6 23. Bf6 Nb5 $1 24. Qg5 Na3 25. Rb2 Nxc2 26. Rxc2 Qd6 $1 27. f4 $36 {[%cal Rf4e5][%mdl 2048] White has good play.} Bxh6 28. Bxe5 f6 $2 (28... Bxg5 $11 29. Bxd6 Bh6) 29. Qxh6 $16 ({Much weaker is} 29. Bxd6 $6 fxg5 30. fxg5 Bxg5 $11) 29... fxe5 30. Ng3 (30. f5 $142 {And now f6 would win.} Rf8 31. g4) 30... exf4 31. Rxf4 Rf8 32. Rcf2 {Strongly threatening Nh5!} Rxf4 33. Rxf4 {White wants to mate with Nh5!} Qe7 34. e5 (34. Rh4 $14 Rc5 35. Rf4) 34... Qxe5 $11 {[%mdl 64] [#] Double Attack} 35. Ne4 {Nf6+ is the strong threat.} Bf5 36. Qg5 (36. Rh4 $1 $15) 36... h6 $1 $17 {[%cal Rh6g5]} 37. Rxf5 $4 {[%mdl 8192]} (37. Qh4 $17 {is tougher.}) 37... Qxf5 {[%mdl 4096] Endgame KQR-KQN} (37... hxg5 $2 {loses.} 38. Rxe5 Kf8 39. Kh2 $18) 38. Qe7 Rf8 39. d6 {aiming for d7.} Rf7 40. d7 Rxe7 (40... Qh5+ $142 41. Kg1 Qd1+ {[%mdl 64] Double Attack} 42. Kh2 Rxe7 43. Nf6+ Kg7 44. Ne8+ Kf7 45. Nc7 Qxd7 46. Ne8 Rxe8 47. a4 Qd6+ 48. g3 {[#]} Re3 $1 {[%mdl 576] Double Attack} 49. Kh1 Qxg3 50. a5 Re1#) 41. d8=Q+ $19 Qf8 42. Qd5+ Kh7 43. Kg1 Qf4 {Accuracy: White = 31%, Black = 70%.} 0-1

[Event "Portugal Open 2020"]
[Site "Lisbon"]
[Date "2020.02.01"]
[Round "9.18"]
[White "Casagrande, Federico"]
[Black "Sarkar, Justin"]
[Result "1/2-1/2"]
[WhiteElo "1999"]
[BlackElo "2385"]
[Annotator "TA"]
[PlyCount "40"]
[EventDate "2020.01.25"]
[EventType "swiss"]
[EventCountry "POR"]
[SourceTitle "playchess.com"]
[Source "ChessBase"]
[SourceQuality "1"]

{[%evp 19,40,-14,3,0,12,-27,-13,-10,-4,-8,12,9,10,18,14,25,58,0,0,0,0,0,0]} 1. d4 Nf6 2. c4 g6 3. Nc3 d5 4. cxd5 Nxd5 5. g3 Bg7 6. Bg2 Nxc3 7. bxc3 c5 8. Nf3 O-O 9. O-O Nc6 10. e3 Qa5 11. Bb2 {D75: Fianchetto Grünfeld: Main Line with 7...c5.} Be6 12. Qe2 Qa4 {[#]} 13. Nd2 $146 {[#] And now d5 would win.} ({Predecessor:} 13. Rfd1 Bc4 14. Qe1 cxd4 15. cxd4 Nb4 16. Qd2 Rac8 17. a3 Nd3 18. Bc3 Rfd8 19. Rdb1 {½-½ (48) Sanzhaev,D (2366)-Chigaev,M (2508) Al Ain 2013}) 13... Rad8 14. Rfc1 Na5 (14... b6 {looks sharper.} 15. Nb3 Rd7 16. Be4 Ne5 17. Nd2 Rfd8) 15. Nb3 b6 16. Nxa5 Qxa5 17. a4 Bd7 18. Bb7 (18. d5 $14) 18... Rb8 $11 {The position is equal.} 19. Ba6 Bxa4 {[#] Strongly threatening ...b5.} 20. Rxa4 Qxa4 {Accuracy: White = 74%, Black = 87%.} 1/2-1/2

[Event "Portugal Open 2020"]
[Site "Lisbon"]
[Date "2020.02.01"]
[Round "9.19"]
[White "Campora, Daniel H."]
[Black "Poysti, Nathanael"]
[Result "1/2-1/2"]
[WhiteElo "2420"]
[BlackElo "2203"]
[Annotator "TA"]
[PlyCount "126"]
[EventDate "2020.01.25"]
[EventType "swiss"]
[EventCountry "POR"]
[SourceTitle "playchess.com"]
[Source "ChessBase"]
[SourceQuality "1"]

{[%evp 17,126,0,18,11,7,0,18,12,28,10,17,-8,45,47,71,61,66,62,65,71,80,83,95,95,112,103,169,171,171,173,164,183,274,177,210,133,168,152,131,88,250,251,241,242,229,229,288,262,356,341,335,332,342,286,245,79,96,-16,-12,-13,-16,-10,-14,-18,0,0,0,-8,-8,-45,-45,-45,-45,-41,-8,-8,-8,-22,-8,-8,-8,-15,0,0,0,0,0,-41,0,0,0,0,0,0,0,-5,0,0,0,0,0,0,0,0,0,0,0,0,0,0,0]} 1. e4 c5 2. Nf3 d6 3. d4 cxd4 4. Nxd4 Nf6 5. Nc3 a6 6. g3 e5 7. Nb3 Be7 8. Bg2 Be6 9. O-O O-O 10. Re1 {B91: Sicilian Najdorf: 6 g3} Nbd7 11. a4 Qb8 12. a5 Bd8 {[#]} 13. h3 $146 ({Predecessor:} 13. Qd3 b5 14. axb6 Bxb6 15. Nd5 Bxd5 16. exd5 a5 17. Ra4 Nc5 18. Nxc5 Bxc5 19. Bg5 {1-0 (61) Marinkovic,I (2463)-Sarenac,D (2382) Ruma 2017}) 13... b6 14. Nd5 bxa5 (14... Nxd5 $11 15. exd5 Bf5) 15. Nxa5 $14 Bxd5 16. exd5 Bxa5 $1 17. Rxa5 Qb6 18. Ra2 Rfc8 19. Bd2 a5 20. b3 Ra7 21. Qe2 Nc5 {[#]} (21... a4 $16 {might work better.}) 22. Rea1 $1 $18 Rca8 23. Qe1 Nb7 24. Ra3 Nd7 (24... h6 {is a better defense.} 25. c4 Ra6) 25. Bf1 Nf6 26. Bc4 h6 27. R1a2 Qc7 28. Qa1 Ne4 $2 {[#]} (28... Rf8 $16) 29. Be3 $1 f5 30. Bxa7 Rxa7 31. Qe1 Ng5 {...Nf3+ is the strong threat.} 32. Kg2 e4 33. Qe3 Ra8 34. Be2 Rf8 35. Ra4 Qd7 36. Rc4 $2 (36. h4 $18 {and White stays clearly on top.} Nf7 37. Ba6) 36... Nxh3 $16 37. Kxh3 ({White should play} 37. f4 $16 exf3+ 38. Bxf3 (38. Qxf3 Ng5 $14)) 37... f4+ $1 $11 38. Bg4 fxe3 39. Bxd7 exf2 40. Ra1 f1=Q+ 41. Rxf1 Rxf1 {[%mdl 4096] Endgame KRB-KRN} 42. Be6+ Kh7 {Threatens to win with ...Nc5.} 43. Rxe4 (43. Kg2 $5 {[%cal Rg2f1]} Rf8 44. Rxe4 $11) 43... Nc5 44. Re2 Kg6 45. Kg2 Rf6 46. Re1 Kg5 47. Bh3 h5 48. Re7 g6 49. Bd7 h4 50. gxh4+ Kxh4 51. Bb5 Rf4 52. Be2 a4 53. bxa4 {The position is equal.} Rxa4 54. Kf3 Rd4 55. c4 {Hoping for Ke3.} Kg5 56. Re8 Kf6 57. Rd8 Ke5 58. Re8+ Kf6 59. Rd8 Ke7 60. Rg8 Kf7 61. Rd8 Ke7 62. Rg8 Kf7 63. Rd8 Ke7 {Accuracy: White = 77%, Black = 74%.} 1/2-1/2

[Event "Portugal Open 2020"]
[Site "Lisbon"]
[Date "2020.02.01"]
[Round "9.20"]
[White "Pourquet, Matthieu"]
[Black "Martin Duque, Jesus"]
[Result "1-0"]
[WhiteElo "2198"]
[BlackElo "2447"]
[Annotator "NA"]
[PlyCount "101"]
[EventDate "2020.01.25"]
[EventType "swiss"]
[EventCountry "POR"]
[SourceTitle "playchess.com"]
[Source "ChessBase"]
[SourceQuality "1"]
[TimeControl "5400+30"]

1. Nf3 {[%emt 0:00:00]} c5 {[%emt 0:00:00]} 2. g3 {[%emt 0:01:38]} Nc6 {[%emt 0:00:00]} 3. Bg2 {[%emt 0:00:51]} e5 {[%emt 0:00:03]} 4. O-O {[%emt 0:00:06]} g6 {[%emt 0:00:40]} 5. d3 {[%emt 0:01:55]} Bg7 {[%emt 0:01:20]} 6. c4 {[%emt 0:02:40]} Nge7 {[%emt 0:00:44]} 7. Nc3 {[%emt 0:00:05]} O-O {[%emt 0:00:24]} 8. Ne1 {[%emt 0:00:05]} d6 {[%emt 0:01:45]} 9. Nc2 {[%emt 0:00:04]} Be6 {[%emt 0:01:25]} 10. Ne3 {[%emt 0:00:06]} Qd7 {[%emt 0:04:03]} 11. Rb1 {[%emt 0:01:25]} Bh3 {[%emt 0:09:21]} 12. Ned5 {[%emt 0:00:18]} Bxg2 {[%emt 0:02:12] A37: Symmetrical English vs ...g6: 4 Bg2 Bg7 5 Nf3} 13. Kxg2 {[%emt 0:00:05]} f5 {[%emt 0:01:02] [#]} 14. e3 $146 {[%emt 0:03:28]} ({Predecessor:} 14. b4 Nxd5 15. Nxd5 f4 16. f3 Rae8 17. bxc5 dxc5 18. Nc3 h5 19. Ne4 b6 20. Rg1 {½-½ (55) Laznicka,V (2667)-Cheparinov,I (2670) Batumi 2019}) 14... Nxd5 {[%emt 0:17:26]} 15. Nxd5 {[%emt 0:00:28]} e4 {[%emt 0:00:37]} 16. b3 {[%emt 0:09:53]} Rae8 {[%emt 0:05:40]} 17. Bb2 {[%emt 0:03:44]} Bxb2 {[%emt 0:00:19]} 18. Rxb2 {[%emt 0:00:04]} Ne5 {[%emt 0:00:11]} 19. dxe4 {[%emt 0:12:50]} fxe4 {[%emt 0:00:13]} 20. Nc3 $11 {[%emt 0:03:32]} Nf3 {[%emt 0:06:45]} 21. Qd5+ {[%emt 0:03:05]} Kh8 {[%emt 0:01:54]} 22. Rd1 {[%emt 0:10:11]} Qg7 {[%emt 0:29:55]} 23. Rc2 {[%emt 0:00:20]} Qf6 {[%emt 0:00:52]} 24. Nxe4 {[%emt 0:06:47]} Rxe4 {[%emt 0:05:16]} 25. Qxe4 {[%emt 0:00:44]} Ng5 {[%emt 0:00:01]} 26. Qd5 {[%emt 0:06:37]} Re8 {[%emt 0:00:01]} 27. h4 {[%emt 0:05:07]} Ne4 {[%emt 0:01:51]} 28. Qxb7 {[%emt 0:00:39]} Qf5 {[%emt 0:01:09]} 29. Rd5 {[%emt 0:03:00]} Qf6 {[%emt 0:00:38]} 30. Rd3 {[%emt 0:10:24]} Qf5 {[%emt 0:00:23]} 31. Qd5 {[%emt 0:01:17]} Re5 {[%emt 0:00:05]} 32. Qa8+ {[%emt 0:00:07]} Kg7 {[%emt 0:00:01]} 33. Rd5 {[%emt 0:01:45]} Nxg3 {[%emt 0:02:30]} 34. Rxe5 {[%emt 0:00:23]} dxe5 {[%emt 0:00:02]} 35. Kxg3 {[%emt 0:01:19]} Qxc2 {[%emt 0:00:24]} 36. Qxa7+ {[%emt 0:00:07]} Kf6 {[%emt 0:00:28]} 37. Qxc5 {[%emt 0:00:25]} Qxa2 {[%emt 0:00:53]} 38. b4 {[%emt 0:02:04]} Qb1 {[%emt 0:00:12]} 39. Qc6+ {[%emt 0:01:03]} Ke7 {[%emt 0:00:00]} 40. b5 {[%emt 0:00:47]} e4 {[%emt 0:01:31]} 41. Kf4 {[%emt 0:00:15]} Qg1 {[%emt 0:00:19]} 42. Qxe4+ {[%emt 0:00:06]} Kd7 {[%emt 0:00:01]} 43. Qd5+ {[%emt 0:00:33]} Kc7 {[%emt 0:00:08]} 44. Qc5+ {[%emt 0:00:08]} Kd7 {[%emt 0:00:07]} 45. Qc6+ {[%emt 0:01:14]} Ke7 {[%emt 0:00:02]} 46. Qc7+ {[%emt 0:00:07]} Ke8 {[%emt 0:00:10]} 47. Qe5+ {[%emt 0:01:16]} Kd7 {[%emt 0:00:00]} 48. Qg7+ {[%emt 0:00:15]} Ke6 {[%emt 0:00:15]} 49. Qg8+ {[%emt 0:01:41]} Kf6 {[%emt 0:00:26]} 50. Qd8+ {[%emt 0:00:06]} Ke6 {[%emt 0:00:06]} 51. Qd5+ {[%emt 0:00:04]} 1-0